Sliding into recession (Record no. 67926)

MARC details
000 -LEADER
fixed length control field 01055cam a2200241 4500
001 - CONTROL NUMBER
control field ABS64262
008 - FIXED-LENGTH DATA ELEMENTS--GENERAL INFORMATION
fixed length control field 010806n2001 000 0 eng u
035 ## - SYSTEM CONTROL NUMBER
System control number (Sirsi) u113975
245 ## - TITLE STATEMENT
Title Sliding into recession
260 ## - PUBLICATION, DISTRIBUTION, ETC.
Date of publication, distribution, etc. 2001
490 ## - SERIES STATEMENT
Series statement Economist
Volume/sequential designation 360(8232) 28 July 2001, 31-32(2)
520 ## - SUMMARY, ETC.
Summary, etc. Looks at the plight of the British manufacturing industry. External factors such as the strength of the pound and overseas demand are negatively affecting manufacturers, but the article suggests it is up to the manufacturers to help themselves. Highlights major weaknesses exist such as the gap in productivity between the best and worst manufacturing plants, the lack of commitment to research and development, and also the low skills in the workforce.
590 ## - LOCAL NOTE (RLIN)
Local note ABS
650 ## - SUBJECT ADDED ENTRY--TOPICAL TERM
Topical term or geographic name entry element MANUFACTURING INDUSTRY
650 ## - SUBJECT ADDED ENTRY--TOPICAL TERM
Topical term or geographic name entry element PLANTS
650 ## - SUBJECT ADDED ENTRY--TOPICAL TERM
Topical term or geographic name entry element PRODUCTIVITY
650 ## - SUBJECT ADDED ENTRY--TOPICAL TERM
Topical term or geographic name entry element LEAN MANUFACTURING
650 ## - SUBJECT ADDED ENTRY--TOPICAL TERM
Topical term or geographic name entry element RECESSION
650 ## - SUBJECT ADDED ENTRY--TOPICAL TERM
Topical term or geographic name entry element CONFEDERATION OF BRITISH INDUSTRY
650 ## - SUBJECT ADDED ENTRY--TOPICAL TERM
Topical term or geographic name entry element OVERSEAS MARKET
690 ## - LOCAL SUBJECT ADDED ENTRY--TOPICAL TERM (OCLC, RLIN)
Topical term or geographic name as entry element ECONOMIC ISSUES
942 ## - ADDED ENTRY ELEMENTS (KOHA)
Suppress in OPAC 0
Holdings
Withdrawn status Lost status Source of classification or shelving scheme Damaged status Not for loan Home library Current library Shelving location Date acquired Total Checkouts Full call number Barcode Date last seen Copy number Price effective from Koha item type
    Dewey Decimal Classification     London London Journal article 06/08/2001   ABS64262 113975-1001 06/08/2019 1 06/08/2019 Journal article